Statistical analyses for language assessment
Uložené v:
| Hlavný autor: | |
|---|---|
| Médium: | Kniha |
| Jazyk: | English |
| Vydavateľské údaje: |
Cambridge
Cambridge University Press
2004
|
| Edícia: | Cambridge language assessment series
|
| Predmet: | |
| Tagy: |
Žiadne tagy, Buďte prvý, kto otaguje tento záznam!
|
MARC
| LEADER | 00000nam a2200000 4500 | ||
|---|---|---|---|
| 001 | 0189996 | ||
| 005 | 20240229081637.5 | ||
| 020 | |a 0-521-00328-8 | ||
| 020 | |a 0-521-80277-6 | ||
| 041 | 0 | |a eng | |
| 044 | |a GB | ||
| 245 | 1 | 0 | |a Statistical analyses for language assessment |c Lyle F. Bachman |
| 264 | 1 | |a Cambridge |b Cambridge University Press |c 2004 | |
| 300 | |a 364 s. | ||
| 490 | 1 | |a Cambridge language assessment series | |
| 830 | 0 | |a Cambridge language assessment series | |
| 610 | 2 | 0 | |a analýza štatistická |
| 610 | 2 | 0 | |a jazykoveda |
| 610 | 2 | 0 | |a testy |
| 610 | 2 | 0 | |a hodnotenie pracovné |
| 610 | 2 | 0 | |a vzdelávanie |
| 610 | 2 | 0 | |a vyučovanie |
| 100 | 1 | |a Bachman, Lyle F. | |